| 000 | 02793nam a22003137a 4500 | ||
|---|---|---|---|
| 003 | OSt | ||
| 005 | 20260415171954.0 | ||
| 008 | 230203b mp ||||| |||| 00| 0 mon d | ||
| 020 |
_a99962-1-099-0 _q(зөөлөн хавтастай) |
||
| 040 |
_aMN-MNUMS _bMON _erda _cMN-MNUMS _dMN-MNUMS |
||
| 082 |
_a910.951 7 _bЭ 627 _221 |
||
| 100 |
_aЭндрюс Рой Чапмэн _960540 _eзохиогч |
||
| 245 |
_aЭртний хүний мөрөөр : Монголд хийсэн аялал / _b Төв азийн шинжилгээний ангийн тухай хүүрнэл тэмдэглэл _cОрчуулсан: Д. Гэрэлттөв, Д. Маралгоо; Ариутган шүүсэн: Д. Батбаяр, Г.Амар; Нэр томъёоны редактор: Р.Барсболд, Д.Бадамгарав |
||
| 250 | _aНэмж засварласан гутгаар хэвлэл | ||
| 264 |
_aУлаанбаатар, _c2012. |
||
| 300 |
_a329 хуудастай: _bзурагтай; |
||
| 505 | _tГарчиг | ||
| 505 |
_tБэлтгэл ажил -- _tХадуурсан нь -- _t"Алтан ноостыг" авласан нь -- _tЗамдаа гарсан нь -- _tАмьд бурханы хот -- _tЛамын оронд хээрээр буусан нь -- _tГовь цөлийн Кентаки Дерби -- _tБалучитериумийг олсон нь -- _tБаянзагийг нээсэн нь -- _tГурван сая жилийн тэртээх аварга араатнууд -- _tШинэ жил, шинэ олдворууд -- _tҮлэг гүрвэлийн өндгөө нуусан газар -- _tПрофессор Осборн шинжилгээний багийг эргэсэн нь -- _tБүр том, бүтэн өндөг -- _tМонголын Элсэн Манханы эзэд -- _tЭлсэн Говийн эмгэнэль явдал -- _tЭртний хүний мөрөөр -- _tДэлхийн хамгийн эртний хөхтөн амьтад -- _tМогой ба чулуужсан яснууд |
||
| 546 |
_aмонгол _bкирилл |
||
| 650 | 4 |
_aМонголыг судалсан гадаад эрдэмтэд _970932 |
|
| 650 | 4 |
_aТөв Азийн шинжилгээний анги _970933 |
|
| 700 |
_aГэрэлттөв, Дашдооровын _960541 _eорчуулагч |
||
| 700 |
_aМаралгоо, Дашдооровын _960542 _eорчуулагч |
||
| 700 |
_aБатбаяр, Дарамын _960543 _eариутган шүүгч |
||
| 700 |
_aАмар, Гүрбазарын _966094 _eариутган шүүгч |
||
| 700 |
_aБарсболд, Ринчений _eнэр томъёоны редактор _970934 |
||
| 700 |
_aБадамгарав, Дэмчигийн _eнэр томъёоны редактор _970935 |
||
| 942 |
_2ddc _cBK |
||
| 999 |
_c30249 _d30249 |
||